Disney Movie by Song Lyrics - Statistics

General Stats
  • This quiz has been taken 11,719 times
  • The average score is 10 of 14
Answer Stats
Hint Answer % Correct
"The cold never bothered me anyway" Frozen
99%
"Put our service to the test. Tie your napkin 'round your neck, cherie and we'll provide the rest" Beauty and the Beast
91%
"Heigh-ho, Heigh-ho. It's home from work we go." Snow White and the Seven Dwarfs
91%
"Mother will protect you. Darling, here's what I suggest. Skip the drama. Stay with mama." Tangled
86%
"Who is that girl I see, staring straight back at me?" Mulan
83%
"I steal only what I can't afford. That's everything" Aladdin
78%
"Have you ever heard the wolf cry to the blue corn moon, or asked the grinning bobcat why he grinned?" Pocahontas
75%
"Even though the sound of it is something quite atrocious. If you say it loud enough you'll always sound precocious" Mary Poppins
68%
"I admit that in the past I've been a nasty. They weren't kidding when they called me, well, a witch" The Little Mermaid
67%
"And as the years go by, our friendship will never die" Toy Story
66%
"Decades of denial is simply why I'll, be king undisputed, respected, saluted" Lion King
65%
"If your heart is in your dreams, no request is too extreme. When you wish upon a star, as dreamers do." Pinocchio
65%
"I wanna be like you. I wanna walk like you. Talk like you, too. You'll see it's true" The Jungle Book
64%
"I have often dreamed of a far off place, where a great, warm welcoming would be waiting for me" Hercules
48%
No matching quizzes found
Score Distribution
Percent of People with Each Score
Percentile by Number Answered
Your Score History
You have not taken this quiz